000 00361nam a2200133Ia 4500
008 150731s2013 xx 000 0 und d
082 _a615.53
_bP 13 R
100 _aRATHI, BHANAT J.
245 _aPRACTICAL HANDBOOK OF RASASHASTRA AND BHAISHAJEYA KALPANA
250 _a1 ST
260 _bCHAUKHAMBHA PUB. NEW DELHI
_c2013
300 _a344
942 _2ddc
_cBK
_04
999 _c7846
_d7846